| 000 | 00631nam a2200253Ia 4500 | ||
|---|---|---|---|
| 003 | OSt | ||
| 005 | 20221005124442.0 | ||
| 006 | a|||||r|||| 00| 0 | ||
| 007 | ta | ||
| 008 | 221004b |||||||| |||| 00| 0 kan d | ||
| 024 | _a59726 | ||
| 037 | _cTextual | ||
| 040 |
_aCRL _cCRL _bkan |
||
| 041 |
_2kan _akan |
||
| 082 | _aO33,1NMUx, K7.2 | ||
| 100 |
_aMuthanna Au. _9635264 |
||
| 245 | 0 | _aMutohunna kavanagalu | |
| 260 | _c1967 | ||
| 490 | _vVol. 2 | ||
| 650 | _a KANNAD POETRY | ||
| 650 | _aKANNAD LITERATURE | ||
| 942 |
_hO33,1NMUx, K7.2 _cTEXL _2cc |
||
| 999 |
_c1050531 _d1050531 |
||